All Big Brother Contestants - Statistics

General Stats
  • This quiz has been taken 10 times
  • The average score is 270 of 391
Answer Stats
Season Contestant % Correct
Annie Whittington
100%
Chris "Swaggy C" Williams
100%
Christian Birkenberger
100%
Christie Murphy
100%
Christine Brecht
100%
Clifton "Will" Williams
100%
Dana Varela
100%
10 Dan Gheesling
100%
Daniel Durston
100%
Daniele Briones
100%
Daniele Donato Briones
100%
Danielle Murphree
100%
Danielle Reyes
100%
5 Drew Daniel
100%
1 Eddie McGhee
100%
George Boswell
100%
Holly Allen
100%
14 Ian Terry
100%
Krista Stegall
100%
Kristen Bitting
100%
Mecole Hayes
100%
Michael Bruner
100%
Michael "Cowboy" Ellis
100%
Michael Donnellan
100%
Mike "Boogie" Malin
100%
Mike Dutz
100%
Nick Maccarone
100%
Nick Starcevic
100%
Nick Uhas
100%
Nicole Anthony
100%
Nicole Franzel
100%
Nicole Layog
100%
Nicole Schaffrich
100%
Wil Heuser
100%
William Collins
100%
Willie Hantz
100%
2 Will Kirby
100%
Will Wikle
100%
Alex Coladonato
86%
Alex Ow
86%
Alison Irwin
86%
Andrew Gordon
86%
Angela Murray
86%
Angela Rummans
86%
Angie Swindell
86%
Blue Kim
86%
Bowie Jane Ball
86%
Caleb Reynolds
86%
Cody Calafiore
86%
Cody Nickson
86%
David Alexander
86%
David Girton
86%
Derek Frazier
86%
Derek Xiao
86%
16 Derrick Levasseur
86%
Elissa Slater
86%
Eric Littmann
86%
Eric Ouellette
86%
Eric Stein
86%
Erika Landin
86%
Frank Eudy
86%
Frankie Grande
86%
Helen Kim
86%
Isabella Wang
86%
Jackie Ibarra
86%
Jack Matthews
86%
Jack Owens
86%
21 Jackson Michie
86%
25 Jag Bains
86%
Janelle Pierzina
86%
Janielle Pierzina
86%
Jasmine Davis
86%
Jean Jordan
86%
Jessica Graf
86%
Jessica Hughbanks
86%
Jessica Milagros
86%
Jessie Godderz
86%
Jessie Kowalski
86%
John McGuire
86%
Kail Harbick
86%
Kaitlin Barnaby
86%
Kaitlyn Herman
86%
Katherine Woodman
86%
Kathryn Dunn
86%
Kathy Hills
86%
Kaysar Ridha
86%
Kelley Jorgensen
86%
Kevin Campbell
86%
Kevin Schlehuber
86%
Kyle Capener
86%
3 Lisa Donohue
86%
Lisa Weintraub
86%
Matt Clines
86%
Matt Hardeman
86%
Matthew Turner
86%
Matt Hoffman
86%
Matt Klotz
86%
Matt McDonald
86%
Megan Lowder
86%
Meg Maley
86%
Monica Bailey
86%
Monte Taylor
86%
Paul Abrahamian
86%
Paulie Calafiore
86%
Ryan Quicksall
86%
Sam Bledsoe
86%
Sam Smith
86%
Sara Beth Steagall
86%
Sarah Hrejsa
86%
24 Taylor Hale
86%
Tommy Bracco
86%
Tyler Crispen
86%
Victor Arroyo
86%
Victoria Rafaeli
86%
23 Xavier Prather
86%
Zach Cornell
86%
Zach Rance
86%
Zach Swerdzewski
86%
Zakiyah Everette
86%
Aaryn Gries
71%
Alyssa Lopez
71%
Alyssa Snider
71%
Amber Borzotra
71%
Amber Siyavus
71%
America Lopez
71%
Amy Bingham
71%
Amy Crews
71%
Ashlea Evans
71%
Ashley Hollis
71%
Ashley Locco
71%
Ava Pearl
71%
Brett Robinson
71%
Britney Haynes
71%
Brittany Hoopes
71%
Brittany Martinez
71%
Brittany Petros
71%
Brittini D'Angelo
71%
Cameron Hardin
71%
19 Cameron Heard
71%
Cam Sullivan-Brown
71%
26 Chelsie Baham
71%
Christmas Abbott
71%
Cirie Fields
71%
Cliff Hogg III
71%
Corey Brooks
71%
Da'Vonne Rogers
71%
Devin Shepherd
71%
Donny Thompson
71%
Enzo Palumbo
71%
Frenchie French
71%
Gerry Lancaster
71%
GinaMarie Zimmerman
71%
Hannah Chaddha
71%
James Huling
71%
James Rhine
71%
James Zinkland
71%
Jared Fields
71%
Jason Dent
71%
Jason Guy
71%
Jason Roy
71%
Jeff Schroeder
71%
Jeff Weldon
71%
Jen DiTurno
71%
Jenn Arroyo
71%
Jennifer Vasquez
71%
Jerry MacDonald
71%
Joseph Abdin
71%
Joseph Rodriguez
71%
Josh Feinberg
71%
19 Josh Martinez
71%
Josh Souza
71%
Joshuah Welch
71%
Julia Nolan
71%
20 Kaycee Clark
71%
Keanu Soto
71%
Keesha Smith
71%
Lauren Domingue
71%
Leah Peters
71%
Liz Nolan
71%
Makensy Manbeck
71%
Marcellas Reynolds
71%
Mark Jansen
71%
McCrae Olson
71%
Memphis Garrett
71%
Morgan Pope
71%
Natalie Carroll
71%
Natalie Cunial
71%
Natalie Martinez
71%
Natalie Negrotti
71%
Ovi Kabir
71%
Paola Shea
71%
Quinn Martin
71%
Rachel Plencner
71%
Rachel Reilly
71%
Rachel Swindler
71%
Red Utley
71%
Reilly Smedley
71%
Ronnie Talbott
71%
Rylie Jeffries
71%
Scottie Salton
71%
Scott Meintraub
71%
Shannon Dragoo
71%
Tiffany Mitchell
71%
Tiffany Rousso
71%
Vince Panaro
71%
Adria Klein
57%
27 Adrian Rocha
57%
Amanda Hansen
57%
Amanda Zuckerman
57%
Ameerah Jones
57%
15 Andy Herren
57%
Austin Matelson
57%
Autumn Daly
57%
Azah Awasum
57%
Bayleigh Dayton
57%
Brendon Villegas
57%
Brenndon Villegas
57%
Brian Hart
57%
Bryan Ollie
57%
Bunky Miller
57%
Cassandra Waldon
57%
Cassi Colvin
57%
Claire Rehfuss
57%
Clay Honeycutt
57%
Cory Wurtenberger
57%
Curtis Kin
57%
8 Evel "Dick" Donato
57%
Felicia Cannon
57%
Glenn Garcia
57%
Hardy Ames-Hill
57%
Hisam Goueli
57%
Howard Overby
57%
Howie Gordon
57%
Indy Santos
57%
Isaiah "Zae" Frederich
57%
Izzy Gleicher
57%
Jace Agolli
57%
Jamie Kern
57%
Jase Wirey
57%
JC Mounduix
57%
Jeremy McGuire
57%
Joe Arvin
57%
Joe Barber
57%
Joey Van Pelt
57%
JoJo Spatafora
57%
11 Jordan Lloyd
57%
Jozea Flores
57%
Judd Daugherty
57%
4 Jun Sung
57%
Justin Giovinco
57%
Justin Sebik
57%
Kara Monaco
57%
Karen Fowler
57%
Karen Ganci
57%
Kemi Fakunle
57%
Kimo Apaka
57%
Kyland Young
57%
Lori Olson
57%
Luke Valentine
57%
Michele Noonan
57%
Michelle Costa
57%
Michelle Maradie
57%
Michelle Meyer
57%
Mickey Lee
57%
Paloma Aguilar
57%
Pooch Pucciarelli
57%
Raven Walton
57%
Rockstar Lantry
57%
Rubina Bernabe
57%
Russell Kairouz
57%
Shane Meaney
57%
Shelli Poole
57%
Shelly Moore
57%
Sheryl Braxton
57%
Spencer Clawson
57%
Steve Arienta
57%
17 Steve Moses
57%
Terrance Higgins
57%
T'kor Clottey
57%
Vanessa Rousso
57%
9 Adam Jasinski
43%
Adam Poch
43%
Alison Irwin
43%
Allison Nichols
43%
Analyse Talavera
43%
April Dowling
43%
April Lewis
43%
Becky Burgess
43%
Brent Champagne
43%
Bridgette Dunning
43%
Candice Stewart
43%
Casey Turner
43%
Cedric Hodges
43%
11 Chima Simone
43%
Diane Henry
43%
Dominic Briones
43%
Dominique Cooper
43%
Elena Davies
43%
Faysal "Fessy" Shafaat
43%
Haleigh Broucher
43%
12 Hayden Moss
43%
Hayden Voss
43%
Ivette Corredero
43%
Jee Choe
43%
Jillian Cooper
43%
Jimmy Heagerty
43%
Jocasta Odom
43%
Jodi Rollins
43%
Keith Henderson
43%
Kenney Kelley
43%
Kent Blackwelder
43%
Kirsten Elwin
43%
Lane Elenburg
43%
6 Maggie Ausburn
43%
Ragan Fox
43%
Ramses Soto
43%
Roddy Mancuso
43%
Steven Daigle
43%
Travis Long
43%
Tucker Des Lauriers
43%
Whitney Williams
43%
Audrey Middleton
29%
Beau Beasley
29%
Braden Bacha
29%
Bronte D'Acquisto
29%
Carol Journey
29%
Chiara "Kiki" Berti
29%
Dustin Erikstrup
29%
Jacob Heald
29%
Jameka Cameron
29%
Laura Crosby
29%
Lawon Exum
29%
Libra Thompson
29%
Lydia Tavera
29%
Marcellas Reynolds
29%
Monet Stunson
29%
Nakomis Dedmon
29%
Nathan Marlow
29%
Neil Garcia
29%
Porsche Briggs
29%
Renny Martyn
29%
Robert Roman
29%
Tonya Paoni
29%
Winston Hines
29%
Chelsia Hart
14%
Marvin Latimer
14%
Parker Somerville
14%
Sharon Obermueller
14%
Sheila Kennedy
14%
Kaila Booker
0%
No matching quizzes found
Score Distribution
Percent of People with Each Score
Percentile by Number Answered
Your Score History
You have not taken this quiz